Countries that start with E - Statistics

General Stats
  • This quiz has been taken 27 times
  • The average score is 7 of 8
Answer Stats
Hint Answer % Correct
Ec Ecuador
100%
El El Salvador
96%
Es Eswatini
92%
Et Ethiopia
92%
Er Eritrea
88%
Eq Equatorial Guinea
83%
Es Estonia
83%
Eg Egypt
79%
No matching quizzes found
Score Distribution
Percent of People with Each Score
Percentile by Number Answered
Your Score History
You have not taken this quiz